<?xml version="1.0" encoding="UTF-8"?><?xml-stylesheet type="text/xsl" href="static/style.xsl"?><OAI-PMH xmlns="http://www.openarchives.org/OAI/2.0/" xmlns:xsi="http://www.w3.org/2001/XMLSchema-instance" xsi:schemaLocation="http://www.openarchives.org/OAI/2.0/ http://www.openarchives.org/OAI/2.0/OAI-PMH.xsd"><responseDate>2026-04-18T05:53:45Z</responseDate><request verb="GetRecord" identifier="oai:www.recercat.cat:2072/429001" metadataPrefix="marc">https://recercat.cat/oai/request</request><GetRecord><record><header><identifier>oai:recercat.cat:2072/429001</identifier><datestamp>2025-04-27T03:07:07Z</datestamp><setSpec>com_2072_98</setSpec><setSpec>col_2072_378192</setSpec></header><metadata><record xmlns="http://www.loc.gov/MARC21/slim" xmlns:dcterms="http://purl.org/dc/terms/" xmlns:xsi="http://www.w3.org/2001/XMLSchema-instance" xmlns:doc="http://www.lyncode.com/xoai" xsi:schemaLocation="http://www.loc.gov/MARC21/slim http://www.loc.gov/standards/marcxml/schema/MARC21slim.xsd">
   <leader>00925njm 22002777a 4500</leader>
   <datafield ind2=" " ind1=" " tag="042">
      <subfield code="a">dc</subfield>
   </datafield>
   <datafield ind2=" " ind1=" " tag="720">
      <subfield code="a">Sàez i Tajafuerce, Begonya</subfield>
      <subfield code="e">author</subfield>
   </datafield>
   <datafield ind2=" " ind1=" " tag="720">
      <subfield code="a">González, Ana Cecilia</subfield>
      <subfield code="e">author</subfield>
   </datafield>
   <datafield ind2=" " ind1=" " tag="260">
      <subfield code="c">2014</subfield>
   </datafield>
   <datafield ind2=" " ind1=" " tag="520">
      <subfield code="a">El objetivo de este artículo consiste en poner en diálogo la alteración constitutiva de la experiencia del arte para la que media el cuerpo, que cobra la forma de la impropiedad, según Nancy, con una categoría del corpus lacaniano que alude al orden de lo real, orden excluido tanto del orden imaginario como del orden simbólico y que comporta, por ello, un quiebre de la representación. Se trata de la categoría de lo éxtimo, que Lacan plantea en el Seminario VII (La ética del psicoanálisis), que alude a un desplazamiento del núcleo de articulación del sentido fuera del orden simbó- lico-imaginario, y que da lugar a la experiencia de un hiato constitutivo en/de la identidad que ningún proceso de identificación, léase representación, consigue clausurar.</subfield>
   </datafield>
   <datafield ind2=" " ind1=" " tag="520">
      <subfield code="a">The goal of this paper is to set the constitutive alteration impinged by the body in the experience of art, which according to Nancy thereby turns improper, in the light of a lacanian category that by means of the body makes evident the order of the real as excluded from the imaginary and the symbolic, and which therefore breaks representation down. this is the category of Extimacy, which Lacan raises in Seminar VII (The Ethics of Psychoanalysis), when referring to the displacement undergone by the core of articulated meaning outside the symbolic-imaginary order, which opens up for the experience of a constitutive hiatus in/of identity that no process of identification, i.e. representation, might close down.</subfield>
   </datafield>
   <datafield tag="653" ind2=" " ind1=" ">
      <subfield code="a">Cuerpo</subfield>
   </datafield>
   <datafield tag="653" ind2=" " ind1=" ">
      <subfield code="a">Arte</subfield>
   </datafield>
   <datafield tag="653" ind2=" " ind1=" ">
      <subfield code="a">Representación</subfield>
   </datafield>
   <datafield tag="653" ind2=" " ind1=" ">
      <subfield code="a">Ejemplar</subfield>
   </datafield>
   <datafield tag="653" ind2=" " ind1=" ">
      <subfield code="a">Éxtimo</subfield>
   </datafield>
   <datafield tag="653" ind2=" " ind1=" ">
      <subfield code="a">Nancy</subfield>
   </datafield>
   <datafield tag="653" ind2=" " ind1=" ">
      <subfield code="a">Lacan</subfield>
   </datafield>
   <datafield tag="653" ind2=" " ind1=" ">
      <subfield code="a">Lascaux</subfield>
   </datafield>
   <datafield tag="653" ind2=" " ind1=" ">
      <subfield code="a">Body</subfield>
   </datafield>
   <datafield tag="653" ind2=" " ind1=" ">
      <subfield code="a">Art</subfield>
   </datafield>
   <datafield tag="653" ind2=" " ind1=" ">
      <subfield code="a">Representation</subfield>
   </datafield>
   <datafield tag="653" ind2=" " ind1=" ">
      <subfield code="a">Exemplary</subfield>
   </datafield>
   <datafield tag="653" ind2=" " ind1=" ">
      <subfield code="a">Extimacy</subfield>
   </datafield>
   <datafield ind2="0" ind1="0" tag="245">
      <subfield code="a">El cuerpo en/del arte : la experiencia de lo éxtimo</subfield>
   </datafield>
</record></metadata></record></GetRecord></OAI-PMH>